01430nam a2200277 a 450000100100000000500170001000800410002702000180006804000240008624502300011026000680034030000210040849000440042949000190047350001880049250400730068070000280075370000250078170000380080670000390084471000700088383000510095383000260100495201050103099900170113500004061820201002034245.0130904s2008 sp 000 0 spa d a9788484893783 aDO-SdBNPbspaBNPHU00aHistoria de Ahila :bperfil de la Asociación de Historiadores Latinoamericanistas Europeos (1969-2008) /cLaura Giraudo ; con textos de Magnus Mörner, Adam Anderle y John Fisher, y entrevista a Francisco Morales Padrón. aMadrid :bIberoamericana ; Frankfurt am Main : Vervuert,c2008. a210 p. ;c22 cm.1 aEstudios de historia de latinoamericana1 aEstudios Ahila aEstudios Ahila de Historia Latinoamericana es la continuación de Cuadernos de Historia Latinoamericana (AHILA) En portada: Asociación de Historiadores Latinoamericanistas Europeos aIncluye referencias bibliográficas y notas al pie de las páginas1 aMörner, Magnus9669601 aAnderle, Adam9669611 aFisher, John Robertd1946-9669621 aMorales Padrón, Francisco9157192 aAsociación de Historiadores Latinoamericanistas Europeos966963 0aEstudios de historia de latinoamericana966964 0aEstudios Ahila966965 001050718MOaGRbGRcCTd2013-09-04iLF1l0o p40618-10r2020-06-25w2020-06-25y1ZNo se presta c40108d40108